000 00995nam a22003018a 4500
001 1527759
003 CO-ViMGA
005 20230915233610.0
008 161108s2016 ck gr 000 f spa d
020 _a9789583052149
040 _aCO-ViMGA
_bspa
_cCO-ViMGA
041 1 _heng
082 0 4 _a833.91
_bM19m
_221
100 1 _aMayer, Gina.
_9484
245 1 0 _aMañana moriras /
_cGina Mayer ; traducción Olga Martín Maldonado.
250 _aEditor Alejandro Villate Uribe.
260 _aBogot :̀
_bPanamericana Editorial,
_c2016.
300 _a344 páginas ;
_c23 cm.
490 1 _aNarrativa contemporánea
534 _pTt̕ulo original :
_tMorgen wirst du sterben.
650 1 4 _aNovela policíaca.
_9288
650 1 4 _aMisterio
_v Novela juvenil.
_9485
650 1 4 _aNovela juvenil alemana.
_9446
650 1 4 _aSuspenso
_v Novela juvenil.
_9486
700 1 _aMartín Maldonado, Olga,
_etraductora.
_9487
700 1 _aVillate Uribe, Alejandro,
_eeditor.
_9280
942 _2ddc
_cBK
999 _c37234
_d37234